All 10k+ Cities in England - Statistics

General Stats
  • This quiz has been taken 82 times
  • The average score is 161 of 831
Answers on the Map
Answers color-coded by a green-red scale on the quiz's map according to % correct below.
 
Answer Stats
Population Answer % Correct
8908081 London
95%
1223000 Birmingham
92%
864122 Liverpool
86%
563561 Manchester
84%
192382 Newcastle upon Tyne
81%
239409 Blackpool
78%
617280 Bristol
78%
158434 Cambridge
78%
117763 Exeter
78%
455123 Leeds
78%
171380 Oxford
78%
246201 Southampton
78%
252791 Wolverhampton
78%
139001 Brighton
76%
215963 Northampton
76%
329200 Nottingham
76%
685368 Sheffield
76%
153717 York
76%
270468 Derby
73%
213166 Norwich
73%
178835 Ipswich
70%
314018 Kingston upon Hull
70%
508916 Leicester
70%
260203 Plymouth
70%
299310 Bradford
68%
359262 Coventry
68%
335415 Sunderland
68%
94782 Bath
65%
146521 Blackburn
65%
141331 Bolton
65%
78470 Carlisle
65%
90524 Chester
65%
258018 Luton
65%
163379 Peterborough
65%
194150 Portsmouth
65%
372775 Stoke-on-Trent
65%
175405 Wigan
65%
101659 Worcester
65%
13961 Bourne
62%
158141 Doncaster
62%
41709 Dover
62%
150053 Gloucester
62%
149017 Huddersfield
62%
47162 Lancaster
62%
142707 Middlesbrough
62%
229941 Milton Keynes
62%
313332 Preston
62%
318014 Reading
62%
295310 Southend-on-Sea
62%
163600 Bournemouth
59%
134160 Grimsby
59%
114879 Lincoln
59%
55240 Canterbury
57%
111511 Chelmsford
57%
116447 Cheltenham
57%
113057 Chesterfield
57%
121859 Colchester
57%
92363 Darlington
57%
47785 Durham
57%
77649 Gateshead
57%
163777 Slough
57%
125707 Watford
57%
61044 Bury
54%
42812 Bury St Edmunds
54%
101187 Gillingham
54%
60415 Hereford
54%
107627 Maidstone
54%
104782 Oldham
54%
44748 Salisbury
54%
71715 Shrewsbury
54%
139052 Stockport
54%
185609 Swindon
54%
23041 Truro
54%
82903 Weston-super-Mare
54%
27382 | 62787 Ashford
51%
325264 Birkenhead
51%
41340 Boston
51%
12890 Buckingham
51%
180508 Crawley
51%
88855 Hartlepool
51%
133422 Hastings
51%
150092 Poole
51%
72750 Salford
51%
84561 St Albans
51%
78978 Wakefield
51%
165456 Warrington
51%
118219 Eastbourne
49%
82624 Halifax
49%
75174 Hove
49%
12741 | 24884 Newport
49%
28671 Rochester
49%
55689 Sale
49%
79977 Scunthorpe
49%
91703 Southport
49%
102555 St Helens
49%
147980 Telford
49%
24040 Warwick
49%
135618 West Bromwich
49%
99110 Worthing
49%
74748 Aylesbury
46%
71447 Barnsley
46%
106940 Bedford
46%
149422 Burnley
46%
133204 High Wycombe
46%
171958 Mansfield
46%
19872 Penzance
46%
117618 Rotherham
46%
65388 Torquay
46%
46074 Winchester
46%
103932 Woking
46%
199059 Dudley
43%
64831 Maidenhead
43%
60134 Margate
43%
97550 Rochdale
43%
61749 Scarborough
43%
33348 Windsor
43%
35318 Accrington
41%
144859 Basildon
41%
107642 Basingstoke
41%
63434 Great Yarmouth
41%
85629 Hemel Hempstead
41%
43626 Leigh
41%
63954 Macclesfield
41%
20189 Newquay
41%
83655 South Shields
41%
187600 Sutton
41%
31616 Barnstaple
38%
75509 Chatham
38%
16879 Dorchester
38%
59902 Farnborough
38%
73150 Rugby
38%
96267 Solihull
38%
69217 Stafford
38%
27830 Stratford-upon-Avon
38%
172141 Walsall
38%
13213 Whitby
38%
45784 Yeovil
38%
228000 Bexley
35%
63885 Bognor Regis
35%
31654 Chichester
35%
75556 Crewe
35%
67768 Ellesmere Port
35%
19090 Ely
35%
66429 Folkestone
35%
25847 Hertford
35%
51644 Morecambe
35%
92698 Nuneaton
35%
24876 Skegness
35%
90232 Stevenage
35%
81964 Tamworth
35%
64621 Taunton
35%
38657 Tonbridge
35%
57691 Weymouth
35%
61339 Aldershot
32%
45865 Barrow in Furness
32%
13265 Berwick-upon-Tweed
32%
36917 Chester-le-Street
32%
173314 Croydon
32%
34432 Exmouth
32%
38726 Fleet
32%
54263 Gravesend
32%
71873 Guildford
32%
89060 Harrogate
32%
46093 King's Lynn
32%
64793 Kingswood
32%
32877 Lichfield
32%
70945 Lowestoft
32%
49886 Paignton
32%
15181 Penrith
32%
38624 Ramsgate
32%
79957 Stockton-on-Tees
32%
60155 Stroud
32%
27120 Workington
32%
41548 Altrincham
30%
48651 Banbury
30%
26050 Bishop Auckland
30%
37339 Blyth
30%
122199 Burton upon Trent
30%
21300 Buxton
30%
56694 Dartford
30%
31988 Falmouth
30%
26203 Frome
30%
94365 Harlow
30%
27264 Jarrow
30%
57059 Kidderminster
30%
59932 Loughborough
30%
36474 Newton Abbot
30%
37203 Redcar
30%
84300 Redditch
30%
16363 Ripon
30%
95172 Royal Leamington Spa
30%
62872 Runcorn
30%
29506 Sevenoaks
30%
25447 St Austell
30%
56284 Stourbridge
30%
53526 Washington
30%
59910 Welwyn Garden City
30%
24900 Whitehaven
30%
43252 Worksop
30%
57791 Bootle
27%
76103 Bracknell
27%
16693 Brixham
27%
35800 Chippenham
27%
42396 Christchurch
27%
50548 Clacton-on-Sea
27%
30555 Deal
27%
17747 Dorking
27%
54225 Eastleigh
27%
25359 Fleetwood
27%
70793 Gosport
27%
43833 Grantham
27%
41677 Hatfield
27%
51472 Horsham
27%
50171 Keighley
27%
29147 Kendal
27%
63675 Kettering
27%
14403 Morpeth
27%
75794 Newcastle under Lyme
27%
39747 North Shields
27%
42690 Redruth
27%
68910 Royal Tunbridge Wells
27%
107030 Sutton Coldfield
27%
19778 Tewkesbury
27%
58794 Wallasey
27%
11343 Wells
27%
61464 Widnes
27%
30000 Barnet
24%
30587 Beverley
24%
14614 Bodmin
24%
53477 Braintree
24%
10750 Brentford
24%
52586 Brentwood
24%
35154 Bridlington
24%
86121 Cannock
24%
60509 Castleford
24%
33888 Chorley
24%
56810 Corby
24%
108368 Dagenham
24%
56640 Dewsbury
24%
51973 Dunstable
24%
10289 Epping
24%
23576 Evesham
24%
57390 Fareham
24%
29171 Felixstowe
24%
33243 Glossop
24%
15315 Hale
24%
55265 Halesowen
24%
18000 Hampton
24%
11388 Hexham
24%
23937 Huntingdon
24%
42744 Kirkby
24%
37469 Leighton Buzzard
24%
10938 Leominster
24%
41327 Lytham St Annes
24%
33065 Newbury
24%
18743 Oswestry
24%
23699 Portishead
24%
33109 Pudsey
24%
30196 Rayleigh
24%
95000 Romford
24%
40952 Trowbridge
24%
64350 Waterlooville
24%
42276 Andover
22%
27670 Ashington
22%
28672 Bideford
22%
41276 Bridgwater
22%
23283 Broadstairs
22%
22500 Camborne
22%
38170 Canvey Island
22%
11404 Cheadle
22%
20649 Chesham
22%
32017 Cleethorpes
22%
21226 Cowes
22%
32566 Darwen
22%
18064 Devizes
22%
29341 Didcot
22%
37275 Eccles
22%
27065 Epsom
22%
20842 Gainsborough
22%
20810 Goole
22%
36770 Great Malvern
22%
45574 Havant
22%
14170 | 20201 Hythe
22%
17297 Lewes
22%
10515 Ludlow
22%
11981 Minehead
22%
17226 Nantwich
22%
47421 Northwich
22%
52123 Reigate
22%
26082 Ryde
22%
38944 Skelmersdale
22%
14623 Skipton
22%
51040 Staines
22%
20592 Stamford
22%
14258 Stone
22%
34169 Totton
22%
17576 Ware
22%
42500 Welling
22%
41143 Wokingham
22%
38676 Abingdon
19%
50807 Batley
19%
13797 Beaconsfield
19%
40478 Bexhill-on-Sea
19%
36338 Billericay
19%
37838 Bishops Stortford
19%
11754 Bolsover
19%
49117 Bromsgrove
19%
23325 Burnham-on-Sea
19%
30155 Camberley
19%
20118 Colne
19%
52140 Crosby
19%
36971 Farnham
19%
19829 Faversham
19%
89755 Grays
19%
33845 Haywards Heath
19%
31926 Hyde
19%
43544 Leatherhead
19%
58714 Littlehampton
19%
14956 Matlock
19%
27158 Melton Mowbray
19%
45589 Middleton
19%
29317 Nelson
19%
10922 Oakham
19%
44710 Pontefract
19%
22373 Seaham
19%
24859 Selby
19%
12569 Sidmouth
19%
12911 Street
19%
17463 Teignmouth
19%
17436 Tynemouth
19%
17490 Warminster
19%
50577 Wellingborough
19%
30195 Whitstable
19%
29103 Witney
19%
34406 Yate
19%
22550 Alfreton
16%
21731 Amersham
16%
12370 Ashby de la Zouch
16%
43675 Ashton-under-Lyne
16%
20327 Bingley
16%
50193 Bletchley
16%
13737 Bridport
16%
20957 Caterham
16%
13074 Chard
16%
17153 Cirencester
16%
26178 Congleton
16%
23879 Daventry
16%
23834 Droitwich
16%
29663 Egham
16%
52392 Esher
16%
22689 Godalming
16%
20723 Harwich
16%
45249 Hinckley
16%
11184 Ilfracombe
16%
14809 Ilkley
16%
19903 Leek
16%
33955 Letchworth
16%
21462 Maldon
16%
21051 March
16%
18261 Marlow
16%
57385 Morley
16%
43363 Newark on Trent
16%
20384 Newmarket
16%
16832 Northallerton
16%
24073 Ormskirk
16%
14668 Otley
16%
10956 Penistone
16%
17738 Ramsbottom
16%
51559 Redhill
16%
21097 Ripley
16%
10582 Ross on Wye
16%
15781 Royston
16%
11938 Sheerness
16%
48948 Sittingbourne
16%
12842 Smethwick
16%
22748 Stalybridge
16%
21938 Stanley
16%
40960 Swadlincote
16%
12280 Tavistock
16%
11329 Thame
16%
24833 Thetford
16%
11929 Tring
16%
42739 Wallsend
16%
22816 Wellington
16%
19184 Yarm
16%
17899 Ascot
14%
33846 Bicester
14%
40000 Bloxwich
14%
32176 Borehamwood
14%
17274 Calne
14%
10553 Chertsey
14%
21002 Clevedon
14%
14765 Clitheroe
14%
38245 Coalville
14%
29137 Consett
14%
10734 Diss
14%
21124 Dronfield
14%
26523 East Grinstead
14%
15625 Elland
14%
23329 Formby
14%
30240 Harpenden
14%
36642 Herne Bay
14%
36099 Hitchin
14%
38587 Ilkeston
14%
20000 Kingswinford
14%
14740 Knaresborough
14%
37614 Leyland
14%
16419 Louth
14%
10830 Oldbury
14%
37015 Peterlee
14%
22639 Potters Bar
14%
22023 Retford
14%
12043 Rickmansworth
14%
14084 Ringwood
14%
16739 Rochford
14%
31000 Ruislip
14%
22584 Seaford
14%
28544 Shipley
14%
19175 Shoreham-by-Sea
14%
17359 Sleaford
14%
31588 Spalding
14%
22213 Sudbury
14%
21839 Swanley
14%
15732 Swanscombe
14%
24274 Thatcham
14%
11687 Thornbury
14%
11717 Tilbury
14%
19544 Tiverton
14%
11356 Ulverston
14%
10000 Upminster
14%
41198 Urmston
14%
22834 Walton-on-Thames
14%
16989 Westbury
14%
19463 Weybridge
14%
38055 Whitley Bay
14%
32489 Wisbech
14%
29039 Ashton in Makerfield
11%
11066 Barton upon Humber
11%
29981 Bedworth
11%
23417 Belper
11%
21997 Berkhamsted
11%
16551 Biggleswade
11%
35708 Billingham
11%
13018 Brackley
11%
12657 Bridgnorth
11%
19904 Brough
11%
20308 Brownhills
11%
30635 Burgess Hill
11%
17380 Bushey
11%
57374 Cheshunt
11%
36108 Chipping Sodbury
11%
33180 Cramlington
11%
20607 Crowborough
11%
11312 Dawlish
11%
27464 Denton
11%
17650 Ferndown
11%
12983 Flitwick
11%
16979 Guisborough
11%
27041 Haverhill
11%
50000 Hayes
11%
12184 Helston
11%
11494 Henley-on-Thames
11%
35174 Hoddesdon
11%
21232 Horley
11%
29728 Hucknall
11%
10750 Immingham
11%
29480 Kidsgrove
11%
10001 Kingston upon Thames
11%
47898 Long Eaton
11%
16446 Lymington
11%
15079 Mexborough
11%
23753 New Milton
11%
25964 Newton Aycliffe
11%
15248 Orpington
11%
14974 Petersfield
11%
12710 Portland
11%
19914 Poulton-le-Fylde
11%
40889 Prescot
11%
34239 Radcliffe
11%
11265 Royal Wootton Bassett
11%
37584 Rushden
11%
30811 Saint Neots
11%
15566 Saltash
11%
20155 Sandown
11%
10369 Shepton Mallet
11%
10400 Sidcup
11%
19460 South Ockendon
11%
17766 Spennymoor
11%
47000 Tipton
11%
18505 Wantage
11%
13572 Wetherby
11%
14884 Wimborne Minster
11%
25353 Witham
11%
16584 Alton
8%
20026 Ampthill
8%
37873 Arnold
8%
10086 Baldock
8%
61000 Barking
8%
82000 Beckenham
8%
25116 Blackheath
8%
11694 Blandford Forum
8%
28000 Brierley Hill
8%
13298 Broxbourne
8%
29244 Burntwood
8%
23056 Chapeltown
8%
28952 Cheadle Hulme
8%
11917 Chorleywood
8%
14906 Corsham
8%
10697 Desborough
8%
10884 Downham Market
8%
23689 Droylsden
8%
18612 Eastwood
8%
25680 Farnworth
8%
11060 | 14175 Featherstone
8%
76500 Fylde
8%
19977 Hailsham
8%
17978 Hedge End
8%
17016 Heysham
8%
24169 Hindley
8%
11483 Honiton
8%
66292 Hounslow
8%
22413 Kenilworth
8%
11915 Kirkham
8%
13191 Knutsford
8%
12531 Mablethorpe
8%
17513 Maltby
8%
22911 Market Harborough
8%
19357 Melksham
8%
13595 Middlewich
8%
20543 Nailsea
8%
13222 Newhaven
8%
15067 Newport Pagnell
8%
23184 Oadby
8%
21616 Ossett
8%
13452 Oxted
8%
18579 Peacehaven
8%
20000 Portslade
8%
32125 Prestwich
8%
22114 Rawtenstall
8%
11657 Sandy
8%
28725 Stanford-le-Hope
8%
20586 Stourport-on-Severn
8%
21028 Stowmarket
8%
20000 Swinton
8%
18452 Uckfield
8%
13089 Uttoxeter
8%
10348 Wallingford
8%
10000 Waltham Cross
8%
24337 Wednesbury
8%
90045 Wembley
8%
16625 Whickham
8%
27500 Willenhall
8%
36617 Wilmslow
8%
11200 Woodbridge
8%
53689 Acton
5%
16008 Aldridge
5%
10116 Amesbury
5%
20149 Atherton
5%
13047 Bacup
5%
46280 Banstead
5%
10435 Barnoldswick
5%
15768 Bebington
5%
13868 Beccles
5%
34821 Bentley
5%
32872 Brighouse
5%
45525 Carshalton
5%
20000 Chislehurst
5%
27393 Cleckheaton
5%
16724 Cobham
5%
13080 Driffield
5%
19306 Dukinfield
5%
103970 Enfield Town
5%
11467 Great Harwood
5%
21000 Guiseley
5%
13651 Haslemere
5%
15204 Haslingden
5%
18808 Hebburn
5%
11542 Heckmondwike
5%
29789 Heswall
5%
92600 High Peak
5%
37840 Houghton-Le-Spring
5%
54738 Huyton
5%
11851 Ivybridge
5%
11020 Kesgrave
5%
15641 Keynsham
5%
27539 Kirkby in Ashfield
5%
13807 Littleborough
5%
11656 Liversedge
5%
11608 Lymm
5%
26997 Maghull
5%
11773 Market Drayton
5%
10458 Midsomer Norton
5%
48311 Mitcham
5%
48233 Morden
5%
17670 Moreton
5%
21782 Newton-le-Willows
5%
26000 Northolt
5%
12463 North Walsham
5%
11338 Padiham
5%
24103 Plymstock
5%
10135 Ponteland
5%
72000 Purley
5%
17161 Romsey
5%
15210 Saffron Walden
5%
17976 Sandbach
5%
10550 Selsey
5%
48824 South Benfleet
5%
13069 Stocksbridge
5%
27784 Sunbury-on-Thames
5%
43912 Sutton in Ashfield
5%
10454 Swanage
5%
22356 Thornaby-on-Tees
5%
11690 Todmorden
5%
18069 Waltham Abbey
5%
17161 Wath upon Dearne
5%
18565 West Molesey
5%
12745 Whittlesey
5%
32975 Wickford
5%
30259 Winsford
5%
15518 Wombwell
5%
37379 Yeadon
5%
10472 Abbots Langley
3%
14978 Addlestone
3%
10406 Annfield Plain
3%
12911 Armthorpe
3%
13494 Ashtead
3%
11237 Atherstone
3%
10549 Attleborough
3%
15710 Baildon
3%
16974 Bedlington
3%
13535 Biggin Hill
3%
14231 Bishops Cleeve
3%
20978 Bordon
3%
10271 Brierfield
3%
13000 Broadfield
3%
14850 Bromborough
3%
10738 Buckhurst Hill
3%
16364 Carterton
3%
10298 Chatteris
3%
19433 Chessington
3%
10354 Chigwell
3%
11673 Codsall
3%
15934 Conisbrough
3%
10226 Cosham
3%
25500 Coulsdon
3%
16500 Cowley
3%
25522 Crowthorne
3%
19860 Dinnington
3%
14992 Dursley
3%
20555 Failsworth
3%
24325 Feltham
3%
12739 Frimley
3%
16941 Frinton-on-Sea
3%
14838 Garforth
3%
20633 Gerrards Cross
3%
23975 Gosforth
3%
19193 Great Wyrley
3%
38000 Greenford
3%
18300 Hadleigh
3%
16500 Harringay
3%
10632 Harrow on the Hill
3%
16302 Hartley
3%
16887 Hayling Island
3%
15265 Hazel Grove
3%
23122 Heanor
3%
18973 Hook
3%
19350 Horsforth
3%
18696 Horwich
3%
11185 Ince-in-Makerfield
3%
19442 Irlam
3%
20500 Isleworth
3%
19873 Kempston
3%
15829 Kidlington
3%
11273 Kimberley
3%
11360 Kingsteignton
3%
15965 Kippax
3%
13804 Knottingley
3%
18692 Lancing
3%
22971 Litherland
3%
11329 Little Lever
3%
16808 Longfield
3%
36427 Mangotsfield
3%
18330 Mansfield Woodhouse
3%
13574 Market Deeping
3%
18241 Marple
3%
18800 Mirfield
3%
15064 | 15352 Neston
3%
14351 Poynton
3%
12075 Prudhoe
3%
67400 Rossendale
3%
22848 Royton
3%
24033 Rugeley
3%
14000 Ryhope
3%
16093 Ryton
3%
13505 Shepshed
3%
10211 Snodland
3%
70000 Southall
3%
18835 South Elmsall
3%
15485 South Hayling
3%
41953 Stretford
3%
38158 Surbiton
3%
17295 Thorne
3%
35932 Tyldesley
3%
13360 Verwood
3%
48314 West Bridgford
3%
14276 West Wickham
3%
23545 Whitefield
3%
13511 Wombourn
3%
20214 Yateley
3%
10251 Yatton
3%
13000 Abbey Wood
0%
10074 Abram
0%
19481 Adwick le Street
0%
13347 Alsager
0%
17719 Amersham on the Hill
0%
11881 Barnham
0%
10000 Barnsbury
0%
25473 Bartley Green
0%
16000 Basford
0%
10914 Beighton
0%
11600 Belsize Park
0%
17669 Biddulph
0%
17667 Bishopstoke
0%
13495 Blacon
0%
14974 Blaydon-on-Tyne
0%
13236 Bolton upon Dearne
0%
10120 Boughton
0%
20000 Bowthorpe
0%
10000 Bradwell
0%
25506 Bramhall
0%
15126 Bredbury
0%
12458 Brixton Hill
0%
10256 Broadstone
0%
27481 Burngreave
0%
26122 Camden Town
0%
10000 Castle Vale
0%
20059 Chalfont Saint Peter
0%
18206 Chapel Allerton
0%
11700 Charlton Kings
0%
13010 Chelmsley Wood
0%
13287 Churchdown
0%
12942 Cinderford
0%
14528 Clayton-le-Woods
0%
15000 Cleveleys
0%
10000 Cockington
0%
10938 Codicote
0%
10371 Coleford
0%
11082 Cranleigh
0%
11731 Cross Hills
0%
11903 Cudworth
0%
15259 Darton
0%
14292 Didsbury
0%
15562 Earlsfield
0%
19578 Earl Shilton
0%
20651 East Dereham
0%
18565 East Molesey
0%
12712 Eaton Socon
0%
18777 Emsworth
0%
34355 Felling
0%
10000 Glenfield
0%
24021 Golborne
0%
12449 Grange Hill
0%
11000 Great Bookham
0%
43793 Great Sankey
0%
18312 Grove
0%
14829 Hadley
0%
21639 Hadley Wood
0%
11906 Halstead
0%
12479 Hartshill
0%
11894 Haxby
0%
17333 Haydock
0%
10358 Hedon
0%
12320 Henlow
0%
13100 Hetton-Le-Hole
0%
10225 Horbury
0%
15842 Hoyland Nether
0%
12730 Hurstpierpoint
0%
14608 Ingleby Greenhow
0%
10127 Kearsley
0%
20000 Kempston Hardwick
0%
13572 Kirk Sandall
0%
10823 Knowle
0%
43529 Letchworth Garden City
0%
10216 Little Hulton
0%
23458 Lofthouse
0%
12794 Longton
0%
32000 Lower Earley
0%
14382 Mildenhall
0%
13061 Milnrow
0%
17297 Mountsorrel
0%
41347 Newburn
0%
17968 New Mills
0%
10758 Pelsall
0%
19158 Pinner
0%
14357 Pinxton
0%
25000 Pitsea
0%
14429 Prenton
0%
12000 Purfleet
0%
11351 Rastrick
0%
18616 Rawmarsh
0%
21756 Rottingdean
0%
13210 Rustington
0%
10001 Saint Leonards-on-Sea
0%
10816 Shefford
0%
10106 Shepperton
0%
10885 Shirebrook
0%
15128 Sinfin
0%
55198 South Croydon
0%
25719 Staveley
0%
13560 Stoke Gifford
0%
13251 Streetly
0%
11508 Syston
0%
15836 Tadley
0%
13567 The Boldons
0%
31157 Thornton-Cleveleys
0%
14669 Thornton Heath
0%
11049 Timperley
0%
35937 Walkden
0%
17458 Walton-on-the-Naze
0%
33555 Wednesfield
0%
12156 West Drayton
0%
26260 Westhoughton
0%
33720 Wigston Magna
0%
22803 Woodford Green
0%
16031 Worcester Park
0%
No matching quizzes found
Score Distribution
Percent of People with Each Score
Percentile by Number Answered
Your Score History
You have not taken this quiz